000 00315nam a2200121Ia 4500
008 240624s9999 xx 000 0 und d
041 _aeng
082 _a650.14 RAN
100 _aRANGNEKAR SHARU
245 _aSOFT SKILLS IN MANAGEMENT
260 _c2011
_aNew Delhi
_bShroff Pub & Dist. Pvt. Ltd
300 _a150 : p.
999 _c26581
_d26581